Monty Python's 'Bridge of Death' Quiz Stats

 Plays Quiz Updated Mar 21, 2017

Score 0/251 Timer 08:00
1 Play Today
Speakers & Dialogue % Correct
a
95.7%
I
95.3%
I
95.3%
I…
95.3%
I
95.3%
the
93.3%
the
93.3%
the
93.3%
the
93.3%
the
93.3%
the
93.3%
the
93.3%
the
93.3%
the
93.3%
the
93.3%
the
93.3%
the
93.3%
the
93.3%
you
92.2%
you.
92.2%
you
92.2%
you
92.2%
you
92.2%
you
92.2%
you
92.2%
is
92.1%
is
92.1%
is
92.1%
is
92.1%
is
92.1%
is
92.1%
is
92.1%
is
92.1%
is
92.1%
is
92.1%
is
92.1%
is
92.1%
is
92.1%
is
92.1%
What…
90.9%
What…
90.9%
What…
90.9%
What…
90.9%
What…
90.9%
What…
90.9%
What…
90.9%
What…
90.9%
What…
90.9%
What…
90.9%
What…
90.9%
What
90.9%
What
90.9%
your
89.1%
your
89.1%
your
89.1%
your
89.1%
your
89.1%
your
89.1%
your
89.1%
your
89.1%
your
89.1%
your
89.1%
of
87.7%
of
87.7%
of
87.7%
of
87.7%
of
87.7%
of
87.7%
of
87.7%
of
87.7%
an
86.6%
An
86.6%
colour?
85.2%
colour?
85.2%
favourite
84.8%
favourite
84.8%
Blue.
84.3%
Blue.
84.3%
quest?
83.3%
quest?
83.3%
quest?
83.3%
quest?
83.3%
name?
82.9%
name
82.9%
Speakers & Dialogue % Correct
name?
82.9%
name?
82.9%
name?
82.9%
do
82.5%
do
82.5%
No,
82.4%
To
81.9%
To
81.9%
To
81.9%
to
81.9%
swallow?
80.4%
swallow?
80.4%
know
79.9%
know
79.9%
know
79.9%
know
79.9%
know.
79.9%
Grail.
79.9%
Grail.
79.9%
Grail.
79.9%
Grail.
79.9%
Bridge
79.5%
Holy
79.5%
Bridge
79.5%
Holy
79.5%
Holy
79.5%
ARTHUR:
79.3%
ARTHUR:
79.3%
ARTHUR:
79.3%
ARTHUR:
79.3%
Arthur,
78.6%
African
78.6%
don't
78.6%
don't
78.6%
me
78.4%
me
78.4%
me
78.4%
me
78.4%
or
78.1%
LAUNCELOT:
76.8%
LAUNCELOT:
76.8%
LAUNCELOT:
76.8%
LAUNCELOT:
76.8%
LAUNCELOT:
76.8%
Launcelot
76.6%
European
76.1%
King
75.7%
king,
75.7%
Sir
75.3%
Sir
75.3%
Sir
75.3%
Auuuuuuuugh!
74.6%
Auuuuuuuugh!
74.6%
seek
73.8%
seek
73.8%
seek
73.8%
seek
73.8%
Hee
71.9%
Hee
71.9%
Hee
71.9%
questions
71.4%
questions,
71.4%
questions
71.4%
questions,
71.4%
that!
71.4%
that!
71.4%
see.
71.3%
see.
71.3%
three,
70.9%
three,
70.9%
My
70.9%
these
70.8%
these
70.8%
these
70.8%
answer
70%
answer
70%
yel-ooooooooooow!
69.2%
Death
68.3%
Death
68.3%
mean?
68%
air-speed
65.8%
ROBIN:
65.3%
ROBIN:
65.3%
ROBIN:
65.3%
Speakers & Dialogue % Correct
ROBIN:
65.3%
ROBIN:
65.3%
Robin
64.9%
go.
63.9%
cross
62.4%
It
61.6%
velocity
61.4%
must
60.2%
must
60.2%
Ask
59.6%
Ask
59.6%
How
59.5%
Camelot.
58.6%
Camelot.
58.6%
Camelot.
58.6%
Who
58.3%
Who
58.3%
Well,
57.9%
when
57.6%
have
56.9%
BRIDGEKEEPER:
56.6%
BRIDGEKEEPER:
56.6%
BRIDGEKEEPER:
56.6%
BRIDGEKEEPER:
56.6%
BRIDGEKEEPER:
56.6%
BRIDGEKEEPER:
56.6%
BRIDGEKEEPER:
56.6%
BRIDGEKEEPER:
56.6%
BRIDGEKEEPER:
56.6%
BRIDGEKEEPER:
56.6%
BRIDGEKEEPER:
56.6%
BRIDGEKEEPER:
56.6%
BRIDGEKEEPER:
56.6%
BRIDGEKEEPER:
56.6%
BRIDGEKEEPER:
56.6%
BRIDGEKEEPER:
56.6%
things
55.8%
not
55.3%
not
55.3%
GALAHAD:
55.2%
GALAHAD:
55.2%
GALAHAD:
55.2%
Galahad
55.1%
so
54.4%
he
53.6%
he
53.6%
you're
52.8%
I'm
52.2%
I'm
52.2%
Britons.
51.5%
much.
51.4%
much
51.4%
bridgekeeper -
51.3%
bridgekeeper -
51.3%
thank
50.2%
Thank
50.2%
afraid.
48.4%
afraid.
48.4%
unladen
48%
capital
47.2%
Off
47.1%
about
46.2%
other
45.3%
other
45.3%
easy!
45.3%
side
45.2%
side
45.2%
Oh,
44.9%
swallows?
43.1%
That's
43%
very
42%
Stop!
38.3%
Stop!
38.3%
Stop!
38.3%
Stop!
38.3%
Right.
35.7%
Assyria?
32.6%
ere
31.7%
ere
31.7%
BEDEVERE:
29%
would
24.6%
approacheth
16.7%
Huh?
15.3%

You're not logged in!

Compare scores with friends on all Sporcle quizzes.
OR
Log In

Sporcle TV

Today on Sporcle TV


Watch our educational content, quiz creation guides, and fun videos on Sporcle TV.

Show Comments

Extras

Top Quizzes Today


Score Distribution

Your Account Isn't Verified!

In order to create a playlist on Sporcle, you need to verify the email address you used during registration. Go to your Sporcle Settings to finish the process.

Report this User

Report this user for behavior that violates our Community Guidelines.

Details: